Language Quiz

Random Language or Blitz Quiz
Score 0/48 Timer 04:00
14 Plays Today
% Correct
(to) say
92%
(to) do
91.8%
Polish
90.2%
Name
89.9%
Mean
89.4%
Mane
87.5%
(to) have
84.4%
Loam
84.2%
Foam
84%
Up
83.5%
(to) be
83.2%
Amen
83%
Persian
83%
Dome
82.6%
Jueves/Jeudi
81.8%
Russia
81.7%
Miércoles/Mercredi
81.4%
Martes/Mardi
80.1%
Punjabi
78%
Lunes/Lundi
77.3%
Interjection
77.3%
Conjunction
77.2%
Adverb
76.7%
Portuguese
75.2%
% Correct
Adjective/Article
73.1%
Phi
70.2%
India (454)
70.1%
Would
62.5%
But
62.1%
Comb
59.2%
Cote d'Ivoire
57.5%
Kazakhstan
56.1%
Tau
56%
You
53.6%
Belarus
53%
Rho
51.8%
Nigeria (529)
51.6%
Danish
48%
Cameroon
47%
Eta
41.5%
Czech
40.8%
Madagascar
40.2%
DRC
37.2%
Indonesia (707)
35.7%
Croatian
34.4%
Bulgarian
25.6%
Kyrgyzstan
25.3%
Papua New Guinea (838)
20.8%
Remove Ads.
Support Sporcle.
Get the best of Sporcle when you Go Orange. This ad-free experience offers more features, more stats, and more fun while also helping to support Sporcle. Thank you for becoming a member.

You're not logged in!

Compare scores with friends on all Sporcle quizzes.
OR
Log In

Sporcle TV

Today on Sporcle TV


Watch our educational content, quiz creation guides, and fun videos on Sporcle TV.

Show Comments

Extras

Top Quizzes Today


Score Distribution

Paid Content

Your Account Isn't Verified!

In order to create a playlist on Sporcle, you need to verify the email address you used during registration. Go to your Sporcle Settings to finish the process.

Report this User

Report this user for behavior that violates our Community Guidelines.

Details: